000
00287nam a2200133Ia 4500
100
_a
Burghardt/Axelrod
942
_c
BK
654
_a
Machine
245
_a
Machine tool operation part I
260
_b
McGraw Hill
_a
Tokyo
_c
2001
082
_a
621.9
300
_a
588
546
_a
ENGLISH
999
_c
28258
_d
28258